000 00491nam a2200169 i 4500
001 24271
003 ES-MaACL
005 20230906153023.0
007 t|
008 021216s1882 cl ||||1| spa d
100 1 _aAmunategui, Miguel Luis.
_921350
245 1 0 _aVida de Don Andrés Bello /
_cMiguel Luis Amunategui.
260 _aSantiago de Chile :
_b[s.n.,
_c1882] (
_fPedro G. Ramírez)
300 _a672 p. ;
_c25 cm.
600 0 4 _aBello, Andrés.
_927233
852 _aES-MaACL
_jF-10649
999 _c24271
_d24271